University Home | Library Home | Institutional Repository

Acne, and related disorders of complexion and scalp. (Record no. 55949)

MARC details
000 -LEADER
fixed length control field 00732cam2a220025300 4500
001 - CONTROL NUMBER
control field mtr02384328
005 - DATE AND TIME OF LATEST TRANSACTION
control field 20190814132705.0
008 - FIXED-LENGTH DATA ELEMENTS--GENERAL INFORMATION
fixed length control field 760802s1964 ilua b 000 0 eng
010 ## - LIBRARY OF CONGRESS CONTROL NUMBER
LC control number 64018708
035 ## - SYSTEM CONTROL NUMBER
System control number (Sirsi) r68204
035 ## - SYSTEM CONTROL NUMBER
System control number (UPRA)mtr02384328
040 ## - CATALOGING SOURCE
Modifying agency UPRA
050 0# - LIBRARY OF CONGRESS CALL NUMBER
Classification number RL131
Item number .B6
082 ## - DEWEY DECIMAL CLASSIFICATION NUMBER
Classification number 616.53
100 1# - MAIN ENTRY--PERSONAL NAME
Personal name Bobroff, Arthur.
Linkage A29189.1
245 10 - TITLE STATEMENT
Title Acne, and related disorders of complexion and scalp.
260 ## - PUBLICATION, DISTRIBUTION, ETC.
Place of publication, distribution, etc. Springfield, IL :
Name of publisher, distributor, etc. Thomas,
Date of publication, distribution, etc. [1964]
504 ## - BIBLIOGRAPHY, ETC. NOTE
Bibliography, etc. note Bibliography: p. 114.
650 #0 - SUBJECT ADDED ENTRY--TOPICAL TERM
Topical term or geographic name entry element Acne.
Linkage S21176.1
650 #0 - SUBJECT ADDED ENTRY--TOPICAL TERM
Topical term or geographic name entry element Skin -- Diseases.
General subdivision Skin -- Diseases.
Linkage S706.1
650 #0 - SUBJECT ADDED ENTRY--TOPICAL TERM
Topical term or geographic name entry element Dandruff.
Linkage S21177.1
949 ## - LOCAL PROCESSING INFORMATION (OCLC)
a RL131
w LC
i -91462
m MEDICAL
t BOOK
l ON-SHELF

No items available.

© 2026 - The University of Zambia Library - Koha v25.11